<?xml version="1.0" encoding="UTF-8"?>
<record
    xmlns:xsi="http://www.w3.org/2001/XMLSchema-instance"
    xsi:schemaLocation="http://www.loc.gov/MARC21/slim http://www.loc.gov/standards/marcxml/schema/MARC21slim.xsd"
    xmlns="http://www.loc.gov/MARC21/slim">

  <leader>01297nam a22001577a 4500</leader>
  <datafield tag="999" ind1=" " ind2=" ">
    <subfield code="c">523904</subfield>
    <subfield code="d">523904</subfield>
  </datafield>
  <controlfield tag="008">231013b           ||||| |||| 00| 0 eng d</controlfield>
  <datafield tag="100" ind1=" " ind2=" ">
    <subfield code="a">Srivastava , Shantanu  and Trivedi, Saurabh </subfield>
    <subfield code="9">44120</subfield>
  </datafield>
  <datafield tag="245" ind1=" " ind2=" ">
    <subfield code="a">Potential financing mechanism for greening Indian urban local bodies</subfield>
  </datafield>
  <datafield tag="260" ind1=" " ind2=" ">
    <subfield code="a">Nagarlok: Quarterly Journal of Urban Affairs  </subfield>
  </datafield>
  <datafield tag="300" ind1=" " ind2=" ">
    <subfield code="a">55(2), Jun, 2023: p.62-68</subfield>
  </datafield>
  <datafield tag="520" ind1=" " ind2=" ">
    <subfield code="a">This article discusses the challenges Urban Local Bodies (ULBs) in India face in financing climate mitigation and adaptation projects, despite their critical role in addressing climate change. To address these challenges, the article presents potential financing mechanisms for Indian ULBs to finance their low-carbon infrastructure needs. These mechanisms include municipal green bonds, aggregation models, risk mitigation facilities and carbon credit trading. The article provides examples of such mechanisms used by ULBs in India or abroad and addresses existing policy gaps and capacity issues to ensure the effective use of these mechanisms by Indian ULBs.- Reproduced </subfield>
  </datafield>
  <datafield tag="650" ind1=" " ind2=" ">
    <subfield code="a">Municipal green bonds, Low-carbon infrastructure, Climate finance, Carbon credits, ULB finances.  </subfield>
    <subfield code="9">40998</subfield>
  </datafield>
  <datafield tag="773" ind1=" " ind2=" ">
    <subfield code="a">Nagarlok: Quarterly Journal of Urban Affairs  </subfield>
  </datafield>
  <datafield tag="906" ind1=" " ind2=" ">
    <subfield code="a">URBAN DEVELOPMENT</subfield>
  </datafield>
  <datafield tag="942" ind1=" " ind2=" ">
    <subfield code="c">AR</subfield>
  </datafield>
  <datafield tag="952" ind1=" " ind2=" ">
    <subfield code="0">0</subfield>
    <subfield code="1">0</subfield>
    <subfield code="2">ddc</subfield>
    <subfield code="4">0</subfield>
    <subfield code="7">0</subfield>
    <subfield code="9">398951</subfield>
    <subfield code="a">IIPA</subfield>
    <subfield code="b">IIPA</subfield>
    <subfield code="d">2023-10-13</subfield>
    <subfield code="h">55(2), Jun, 2023: p.62-68</subfield>
    <subfield code="p">AR129787</subfield>
    <subfield code="r">2023-10-13</subfield>
    <subfield code="y">AR</subfield>
  </datafield>
</record>
